000 00522nam a2200181Ia 4500
001 2182
005 20260306143823.0
008 260306t2021||||xx |||||||||||||| ||spa||
041 _aESP
082 _a616.0028
_bN31
100 _aNavas Navarro, Susana,
_eAUT
245 0 _aSalud e inteligencia artificial desde el derecho privado :
_bcon especial atención a la pandemia por SARS-CoV-2 (covid-19)
260 _c2021
300 _a313 páginas :
_c24 cm.
650 _aGEN
654 _aCDE
942 _cLIB
_dJUS
_fJUS
_2ddc
_n
999 _c2182
_d2182